[Event "81st Georgian-ch Men 2022"]
[Site "Tbilisi"]
[Date "2022.02.04"]
[Round "10.3"]
[White "Akhvlediani, Irakli"]
[Black "Paichadze, Luka"]
[Result "1/2-1/2"]
[WhiteElo "2430"]
[BlackElo "2566"]
[Annotator "TA"]
[PlyCount "113"]
[EventDate "2022.01.24"]
[EventType "tourn"]
[EventCountry "GEO"]
[SourceTitle "playchess.com"]
[Source "ChessBase"]
[SourceQuality "1"]

{[%evp 21,113,30,41,43,35,41,37,37,44,35,79,-7,-2,-11,-2,-20,-37,-9,-27,-66,0,-16,0,0,0,0,0,0,191,193,200,174,204,194,221,208,194,159,169,127,127,129,135,127,165,162,172,171,162,64,85,73,70,59,69,96,71,57,68,68,176,14,14,0,0,0,0,0,2,0,0,0,14,15,36,29,29,8,56,0,0,0,0,0,0,0,0,0,0,0,0,0,0,0]} 1. d4 Nf6 2. c4 e6 3. Nf3 Bb4+ 4. Bd2 Qe7 5. g3 Nc6 6. Nc3 Bxc3 7. Bxc3 Ne4 8. Rc1 O-O 9. Bg2 d6 10. d5 Nd8 11. O-O e5 12. c5 {[#] E11: Bogo-Indian.} b6 $146 ({Predecessor:} 12... f5 13. Qc2 Nf7 14. Bb4 b6 15. cxd6 cxd6 16. Nd2 Nf6 17. Nc4 Rd8 18. b3 g6 19. Qb2 Bb7 {0-1 (38) Yilmaz,M (2640)-Paichadze,L (2581) Kocaeli 2017}) 13. cxd6 cxd6 14. Nd2 {White is slightly better.} Nxc3 15. Rxc3 Ba6 (15... Nb7 $14) 16. Qa4 ({Better is} 16. Re1 $16) 16... Bxe2 $11 17. Re1 Bh5 18. Rec1 {aiming for Ne4.} (18. f4 $5 {[%cal Rf4e5]}) 18... f5 {Inhibits Ne4.} 19. Rc7 $36 {[%mdl 2048] White is pushing.} Qg5 20. f4 exf4 ({Black should play} 20... Qh6 $1 $15) 21. gxf4 Qf6 22. Nb3 {[%cal Bd2b3,Bb3d4,Bd4e6][%mdl 32]} Qxb2 23. Qd4 Qxd4+ 24. Nxd4 {Threatens to win with Ne6.} Be8 $2 (24... Rf7 $11) 25. Ne6 $18 Rf6 ({Weaker is} 25... Rf7 26. Kf2 Rxc7 27. Rxc7 $11) 26. Rxg7+ Kh8 27. Re7 {[%mdl 1024] White has strong compensation.} Bf7 28. Rcc7 Bg8 29. Nd4 {Hoping for Re8.} Nf7 30. Re6 (30. Kf2 $18) 30... Rg6 $16 31. Nxf5 {Strongly threatening h3.} Rg4 32. Re4 {White is much more active.} ({Don't take} 32. Nxd6 $6 Nxd6 33. Rxd6 Rxf4 $14) 32... Rf8 33. h3 Rg6 34. Re6 $1 ({But not} 34. Rxa7 $6 Ng5 35. fxg5 Rxf5 $16) 34... a5 35. Rxg6 (35. Kh2 $18) 35... hxg6 $14 36. Ne7 Kg7 37. Nc8 Kf6 38. Nxb6 {Nd7+ is the strong threat.} Kf5 39. Rc4 $1 Rb8 $1 40. Nd7 Rb7 {[#]} (40... Rb4 $1 $14 41. Rxb4 axb4) 41. Nf8 $2 (41. h4 $1 $18 {[%cal Rg2h3]} Nh6 42. Bh3+ Ng4 43. Bxg4+ Kxg4 44. Nf6+ Kg3 45. Rc3+ Kxh4 46. Nxg8) 41... Nh6 $11 42. Ne6 Bxe6 43. Be4+ Kxf4 44. dxe6 {[%mdl 4096] Endgame KRB-KRN} Rg7 45. Bc6+ Ke5 46. Bd7 Nf5 47. Ra4 Rh7 48. Rxa5+ d5 49. Kg2 Rh8 (49... Rh4 $11) 50. Rc5 ({White should try} 50. a4 $14) 50... Rb8 {The position is equal.} 51. a4 Rb2+ 52. Kg1 Ra2 53. Rc1 Kd6 54. Rc6+ Ke7 55. Rc5 Kd6 56. Rc6+ Ke7 57. Rc5 {White really could win this.  Weighted Error Value: White=0.18 (very precise) /Black=0.18 (very precise)} 1/2-1/2

[Event "81st Georgian-ch Men 2022"]
[Site "Tbilisi"]
[Date "2022.02.04"]
[Round "10.4"]
[White "Quparadze, Giga"]
[Black "Tutisani, Noe"]
[Result "0-1"]
[WhiteElo "2477"]
[BlackElo "2419"]
[Annotator "TA"]
[PlyCount "198"]
[EventDate "2022.01.24"]
[EventType "tourn"]
[EventCountry "GEO"]
[SourceTitle "playchess.com"]
[Source "ChessBase"]
[SourceQuality "1"]

{[%evp 10,198,42,31,28,13,11,19,8,11,31,20,31,37,58,2,10,4,0,12,10,11,16,18,35,-35,13,-30,-56,-185,-181,-180,-190,-181,-185,-181,-186,-181,-175,-170,-152,-156,-143,-160,-147,-158,-153,-172,-163,-200,-201,-201,-201,-200,-200,-201,-200,-199,-195,-282,-263,-257,-254,-297,-289,-285,-275,-377,-366,-408,-408,-403,-397,-377,-362,-519,-405,-393,-380,-398,-391,-433,-368,-1820,-1906,-966,-539,-539,-500,-500,-500,-2682,-2594,-1613,-1297,-1556,-1770,-29960,-29961,-29962,-29961,-29965,0,-29958,-29957,-29953,-29958,-29956,-29960,-29960,-29960,-29960,-29957,-29962,-29962,-29962,-29963,-29963,-29959,-29963,-29964,-29963,-29961,-29959,-29960,-29959,-649,-649,-656,-29961,-29962,-29962,-29963,-29962,-29966,-29970,-29971,-29971,-29969,-29974,-29967,-29967,-29968,-29964,-29962,-12714,-8650,-6027,-649,-649,0,-4788,-649,-649,-649,-649,-649,-649,-240,-301,-8,-8,-8,-8,-8,-8,-8,-547,-8,-14,-11,-29982,-29983,-29983,-29984,-29984,-29985,-29985,-29986,-29986,-29984,-29982,0,-29986,-29987,-29987,-29988,-29987,-29986,-29988,-29988]} 1. e4 d5 2. exd5 Qxd5 3. Nc3 Qa5 4. d4 Nf6 5. Nf3 Bf5 6. Bd2 e6 {B01: Scandinavian Defence.} 7. Bc4 {[%cal Oc3d5] Threatens to win with Nd5!} Bb4 $1 {[%mdl 4] is now more promising than 7...c6.} 8. a3 Bxc3 {The position is equal.} 9. Bxc3 Qb6 10. d5 exd5 11. Bxd5 O-O 12. O-O (12. Bxf6 $14 gxf6 13. O-O) 12... Nbd7 {[#]} 13. Qd2 $146 ({Predecessor:} 13. Nh4 Bxc2 14. Bxf7+ Rxf7 15. Qxc2 Nd5 16. Rad1 Qc6 17. Rd3 Re8 {½-½ (17) Souhardo,B (2359)-Varga,Z (2441) Budapest 2021}) 13... Rad8 14. Ba5 {[%cal Bc3a5,Ba5c7,Bc7d6][%mdl 32]} Qa6 {And now ...Nc5 would win.} 15. Bxc7 Rc8 {[%cal Bd8c8,Bc8c2,Bc2c5,Bc5b5][%mdl 32] [#]} 16. Bd6 {A strong pair of Bishops.} Rxc2 (16... Rfe8 17. Rfe1) 17. Qf4 (17. Qd4 $1 $14) 17... Rfc8 {[#]} (17... Bd3 $15 18. Bxf8 Nxd5) 18. Qxf5 (18. Bxb7 $142 $1 Qxb7 19. Qxf5) 18... Qxd6 $11 19. Rad1 {[#]} (19. Bxb7 $15 R8c5 20. Qh3) 19... R2c5 $1 $19 {[%cal Rc5d5]} 20. Bxb7 Qc7 $36 {[%mdl 2048] Black is really pushing.} 21. Bd5 {[%cal Od5f7] aiming for Bxf7+!} Nb6 {[%cal Rb6d5]} 22. Bxf7+ Qxf7 ({Not} 22... Kxf7 23. Ng5+ Kg8 24. Qe6+ Kf8 25. Qe3 $11) 23. Qb1 Nc4 24. Rfe1 Rb5 25. Rc1 Re8 26. Rxe8+ Nxe8 27. Qe4 Ncd6 ({And not} 27... Nxb2 28. Rc8 Kf8 29. h3 $11) 28. Qd4 a5 29. b4 axb4 30. axb4 Qb3 31. Re1 Rxb4 32. Qe5 Qa2 33. h4 Rb1 34. Ng5 (34. g3 $142) 34... Rxe1+ 35. Qxe1 h6 36. Qe6+ Qxe6 37. Nxe6 Kf7 38. Nd4 Kf6 39. g3 Ke5 40. Nc6+ Ke4 41. Kg2 Nc7 42. f3+ (42. Na5 {keeps fighting.}) 42... Kd5 43. Ne7+ Ke6 44. Ng6 Nd5 45. h5 Nf5 46. g4 $2 (46. Nf8+ Kd6 47. Ng6) 46... Nfe7 47. Nf8+ Ke5 {...Kd6 is the strong threat.} 48. Kg3 Nf6 49. f4+ Kd6 50. g5 (50. Kf3 $142 Nc6 51. Kg3) 50... Nf5+ 51. Kf3 Nxh5 52. Kg4 Nhg3 53. gxh6 gxh6 54. Ng6 Kd5 55. Nf8 Kd6 56. Ng6 Ke6 57. Nf8+ Ke7 58. Ng6+ Kf6 59. Ne5 h5+ 60. Kf3 Nf1 61. Nd3 Nd2+ 62. Ke2 Ne4 63. Kf3 Nfd6 64. Ne1 Nd2+ 65. Ke3 N2c4+ 66. Kf3 Nf5 67. Nd3 Ke6 (67... Ncd6 $142 68. Nb4 Nh4+ 69. Kg3 Ndf5+ 70. Kf2 Ne7 71. Kg3 Nhg6 72. Nc2 Kf5 73. Kf3 Nxf4 74. Ne3+ Kg5 75. Nf1 Ne6 76. Ne3 Nd4+ 77. Kf2 Ng6 78. Kg1 Nf4 79. Nc4 Nd3 80. Kh2 h4 81. Ne3 Nf4 82. Nd1 Nf3+ 83. Kh1 Ne5 84. Nc3 Kg4 85. Ne4 Nfd3 86. Kh2 Nf3+ 87. Kg2 h3+ 88. Kf1 Kf4 89. Nc3 Kf5 90. Nd5 Nf4 91. Ne3+ Kg5 92. Nd1 Nd3 93. Nc3 Kf5 94. Nd5 Nf4 95. Ne3+ Kg5 96. Nd1 h2 97. Nf2 Ne5 98. Ne4+ Kg4 99. Nf2+ Kf3 100. Ke1 Nfd3+ 101. Nxd3 Nxd3+ 102. Kd1 h1=Q+ 103. Kc2 Ke4 104. Kc3 Qc1+ 105. Kb3 Qb2+ 106. Kc4 Qb4#) 68. Nc5+ Kd5 69. Nd7 Nd2+ 70. Ke2 Ne4 71. Kf3 Kd4 72. Nf8 Nf6 73. Ne6+ Kd3 74. Ng5 Nd5 75. Nf7 Nd4+ 76. Kg3 Ke3 77. Nd6 Nf6 78. Nc4+ Ke2 79. Nd6 {Inhibits Nf5+.} Ke3 80. Nc4+ $1 Kd3 81. Nd6 {Inhibits Nf5+.} Ke2 82. Kg2 Ke3 83. Kg3 Ne2+ $2 (83... Nf3 {( -> ...h4+)} 84. Nf5+ Ke4 85. Nd6+ Kd5) 84. Kh4 Nxf4 $2 ({Worse is} 84... Kxf4 85. Ne8 $11) ({Black should play} 84... Kd3 $19 85. Nf5 Nd4) 85. Nf5+ $1 $11 Kf3 86. Kg5 Nh7+ 87. Kh4 Nf8 88. Nd4+ $2 {[%mdl 8192]} (88. Kg5 $1 $11) 88... Kf2 $2 ({Better is} 88... Ke4 $19 89. Ne2 N8g6+ 90. Kg5 Ke5) 89. Kg5 N8g6 90. Ne6 $2 {[%mdl 8192] [#]} Kg2 $1 91. Nd4 (91. Ng7 h4) 91... h4 {[%cal Bh5h4,Bh4h3][%mdl 32]} 92. Nf5 h3 93. Ne3+ Kf3 94. Ng4 Kg3 95. Ne3 Kf3 96. Ng4 $1 Ne6+ {Black mates.} 97. Kh5 {[#]} Kg3 $1 98. Ne3 Ngf4+ 99. Kh6 {[#]} Nd5 $1 {Weighted Error Value: White=0.61/Black=0.15 (very precise)} 0-1

[Event "81st Georgian-ch Men 2022"]
[Site "Tbilisi"]
[Date "2022.02.04"]
[Round "10.5"]
[White "Sanikidze, Tornike"]
[Black "Mchedlishvili, Mikheil"]
[Result "0-1"]
[WhiteElo "2464"]
[BlackElo "2587"]
[Annotator "TA"]
[PlyCount "92"]
[EventDate "2022.01.24"]
[EventType "tourn"]
[EventCountry "GEO"]
[SourceTitle "playchess.com"]
[Source "ChessBase"]
[SourceQuality "1"]

{[%evp 13,92,21,31,15,18,16,17,27,32,2,40,38,20,31,39,29,52,29,24,16,20,17,12,20,133,31,29,27,70,69,64,78,75,71,90,91,81,62,49,47,91,69,74,56,68,56,54,16,14,33,39,9,31,41,35,0,0,0,2,7,29,0,20,30,31,23,34,0,31,0,45,-583,-564,-564,-542,-12840,-12840,-12842,-12843,-12842,-12843]} 1. d4 Nf6 2. c4 g6 3. f3 e6 4. e4 c5 5. d5 d6 6. Nc3 exd5 7. cxd5 Bg7 8. Nge2 {is currently scoring better than 8.Bg5. A65: Modern Benoni: 6 e4.} Nbd7 9. Ng3 h5 10. Be2 {The position is equal.} Nh7 {Inhibits Bg5.} 11. Be3 O-O (11... h4 $5 {[%cal Rh4g3]}) 12. O-O a6 13. a4 h4 14. Nh1 f5 15. exf5 Qe7 16. Qd2 {[#]} Re8 $5 $146 {[%mdl 8] New and interesting.} ({Predecessor:} 16... gxf5 17. Rae1 Qxe3+ 18. Qxe3 Bd4 19. Qxd4 cxd4 20. Nb1 Nc5 21. Bd1 Nf6 22. Nd2 Nxd5 {½-½ (74) Tang,A (2507)-Melkumyan,H (2650) chess24.com INT 2019}) 17. Bh6 Bd4+ 18. Nf2 g5 {[#]} (18... gxf5 $11 19. Rae1 Qf6) 19. Nce4 (19. f4 $1 $16) 19... Ndf6 $14 {[%cal Rf6e4]} 20. Kh1 Bxf2 (20... Bxf5 $11 21. Rae1 (21. Bc4 h3 $11) 21... h3) 21. Rxf2 Nxe4 22. fxe4 Qf6 {[#]} 23. Bh5 $1 Bd7 (23... Rxe4 24. Bg6) 24. Bg6 {White is more active. This bishop pair is nice.} (24. Bxe8 Rxe8 25. Qc3 Qxh6 $17) 24... Rxe4 {[%cal Oa8e8]} 25. Bxh7+ Kxh7 26. Bxg5 Qe5 (26... Qd4 $1 $14 {should be considered.}) 27. f6 {Threatens to win with f7.} h3 28. f7 hxg2+ 29. Kg1 Rf8 30. Bh6 (30. Kxg2 $2 Rg4+ 31. Kf1 Rxg5 $19) (30. Bf6 $5 {[%cal Rf6e5]} Qh5 31. Qg5 $11) 30... Rh4 {[%csl Gh4][%cal Re5h2]} 31. Bf4 {[%cal Bh6f4,Bf4g3,Bg3d6][%mdl 32] Really sharp!} Qh5 32. Bg3 (32. Rxg2 Rxf7 33. Bxd6 Rd4 34. Qc2+ Bf5 $15) 32... Re4 (32... Rd4 $5 {[%cal Rd4d2]} 33. Qc2+ Qg6 $11) 33. Bxd6 (33. Rxg2 Rd4 34. Qc2+ Bf5 $15) 33... Rxf7 34. Rxf7+ (34. Rxg2 Rd4 35. Qc2+ Bf5 $15) 34... Qxf7 35. Bxc5 Re5 $40 {[%mdl 128] Black attacks.} 36. Rd1 Bg4 {Hoping for ...Rf5.} (36... Bxa4 $5 {[%cal Re5f5]} 37. b3 Bb5 38. Qc2+ (38. Qxg2 Qh5 $11) 38... Kh6 $11) 37. Re1 Re2 38. Qd3+ Kg8 39. Rc1 {Black must now prevent Qg3.} Qf4 40. Qg6+ Kh8 {[%cal Rf4c1]} 41. Rd1 {Threatening mate with Bd4+.} (41. Ra1 $5 {[%cal Rg6b6]}) 41... Re4 {To avoid Bd4+} (41... Re5 $11 {might be stronger.} 42. Ra1 (42. Bd4 $2 Bxd1 43. Qd3 Be2 $19) 42... Rf5 43. Qe8+ Kg7 44. Qe7+ Kg8 45. Qd8+ Kh7 46. Qe7+ Kg8 47. Qe8+ Kh7 48. Qe7+ Kg8) 42. Bd4+ $2 {[%mdl 8192] Now White is beyond hope.} Rxd4 $19 {Black is clearly winning.} 43. Qe8+ Kg7 44. Qe7+ Kh6 45. Qh4+ Kg6 46. Re1 Re4 {Weighted Error Value: White=0.51/Black=0.14 (very precise)} 0-1

[Event "81st Georgian-ch Men 2022"]
[Site "Tbilisi"]
[Date "2022.02.05"]
[Round "11.1"]
[White "Mchedlishvili, Mikheil"]
[Black "Pantsulaia, Levan"]
[Result "1-0"]
[WhiteElo "2587"]
[BlackElo "2579"]
[Annotator "TA"]
[PlyCount "177"]
[EventDate "2022.01.24"]
[EventType "tourn"]
[EventCountry "GEO"]
[SourceTitle "playchess.com"]
[Source "ChessBase"]
[SourceQuality "1"]

{[%evp 16,177,50,25,63,49,64,64,68,59,67,60,72,59,62,56,63,64,60,59,62,13,13,13,13,13,13,13,13,13,13,27,10,0,0,0,0,0,0,0,0,0,0,0,0,0,0,0,0,0,0,0,0,0,0,0,20,20,27,20,20,20,27,27,27,27,27,20,12,12,114,114,114,114,114,114,114,114,114,114,114,114,114,114,114,114,114,114,212,114,114,114,114,114,114,114,114,114,114,114,114,114,114,114,114,114,114,114,114,114,114,114,114,114,114,114,114,114,114,114,114,114,114,114,114,114,114,114,114,114,114,114,218,236,244,216,244,231,261,256,251,209,216,140,281,275,302,291,268,259,852,757,29980,29981,29975,29976,29982,29983,29981,5691,29986,29987,29986,29984]} 1. d4 {[%cal Bd2d4,Bd4d5][%mdl 32]} c5 2. d5 g6 3. e4 Bg7 4. c4 d6 5. Nc3 e6 6. Be3 exd5 7. cxd5 Nf6 8. Nf3 O-O 9. h3 Ne8 {A70: Modern Benoni: 6 e4 g6 7 Nf3.} 10. Bd3 Nc7 {[%cal Ob7b5]} 11. O-O Nd7 {[%cal Ob7b5] [#] White is slightly better.} 12. Bg5 $146 ({Predecessor:} 12. Rc1 Re8 13. Bg5 Bf6 14. Bf4 Qe7 15. Kh1 a6 16. a3 b5 17. b4 Bb7 18. Bb1 {1-0 (49) Bacrot,E (2729)-Iturrizaga Bonelli,E (2660) Linares 2014}) 12... Qe8 13. Re1 f6 14. Bf4 {White is much more active. Black has bad knights.} Ne5 15. Nxe5 fxe5 16. Be3 b5 17. a3 a5 {[%cal Ba7a5,Ba5a4][%mdl 32]} 18. b4 (18. b3 $14) 18... c4 $1 $11 ({Don't do} 18... axb4 19. axb4 c4 20. Rxa8 Nxa8 21. Be2 $16) 19. Be2 {Threatens to win with bxa5.} a4 20. Bg4 h5 21. Bxc8 Rxc8 22. Kh2 Kh7 23. Qd2 Rf7 24. Rg1 Qf8 $1 25. g4 Bh6 $1 {[#] White must now prevent ...Bxe3.} 26. g5 Bg7 27. Rg3 Qe7 28. Kg2 Rcf8 29. h4 Qd7 30. Rh1 Rb8 31. Qe2 Bf8 32. Kg1 Be7 33. Qf1 Bf8 34. Qg2 Bg7 35. Rf3 Rxf3 36. Qxf3 Kg8 37. Rh3 Rb7 38. Qg2 Rb8 39. Rf3 Rb7 40. Qh3 Qe8 41. Bd2 Rb8 42. Ne2 Qc8 (42... Qe7 $11) 43. Qxc8+ $16 Rxc8 44. Kf1 Rb8 45. Ke1 Rb7 46. Rh3 Na6 47. Bc3 Re7 48. Bb2 Nb8 49. Kd2 Rf7 50. f3 Na6 51. Kc2 Kf8 {[#]} (51... Nc7 $16 {is a better defense.}) 52. Bc1 (52. f4 $1 $18) 52... Kg8 53. Be3 Nb8 54. Rg3 Kh7 55. Bd2 Kg8 56. Nc3 Rb7 57. Rg1 Nd7 58. Rf1 Rb8 59. Be3 Rb7 60. Ne2 Rb8 61. Rf2 Rf8 62. Kd2 Rb8 63. Kc1 Re8 64. Bd2 Rb8 65. Bc3 Re8 66. Kd2 Rf8 67. Rf1 Rf7 68. Ba1 Rf8 69. Bb2 Kh7 70. Ke3 Kg8 71. Bc3 Re8 72. Kd2 Rf8 73. f4 exf4 (73... Rb8 $16 {was necessary.}) 74. Bxg7 $18 Kxg7 75. Rxf4 $16 {[%mdl 4096] Endgame KRN-KRN} Rb8 76. Kc3 Rb7 77. Nd4 {aiming for Nc6.} Rb8 78. Rf1 Kg8 79. Rf2 Re8 {Loses the game.} (79... Kg7 $16) 80. Nxb5 $18 Rxe4 81. Nxd6 Rxh4 82. Ne8 {And now Nf6+ would win.} (82. Nxc4 Rh3+ 83. Kc2 h4 $16) 82... Nb6 $2 (82... Rh3+ 83. Kxc4 Ne5+ 84. Kb5 (84. Kd4 Nf3+ 85. Kc4 Ne5+ 86. Kb5 Rxa3 $18) 84... Rxa3) 83. Nf6+ Kf7 84. Nd7+ Ke7 85. Nxb6 Rg4 86. Nxc4 Rxg5 87. d6+ Ke6 88. Re2+ Kf6 89. Kd4 {Weighted Error Value: White=0.04 (flawless) /Black=0.08 (flawless)} 1-0

[Event "81st Georgian-ch Men 2022"]
[Site "Tbilisi"]
[Date "2022.02.05"]
[Round "11.2"]
[White "Tutisani, Noe"]
[Black "Sanikidze, Tornike"]
[Result "1/2-1/2"]
[WhiteElo "2419"]
[BlackElo "2464"]
[Annotator "TA"]
[PlyCount "26"]
[EventDate "2022.01.24"]
[EventType "tourn"]
[EventCountry "GEO"]
[SourceTitle "playchess.com"]
[Source "ChessBase"]
[SourceQuality "1"]

{[%evp 25,26,0,37]} 1. e4 e5 2. Nf3 Nc6 3. Bb5 a6 4. Ba4 Nf6 5. O-O Be7 6. Re1 b5 7. Bb3 d6 8. c3 O-O 9. h3 Re8 {[#]} 10. Ng5 $146 ({Predecessor:} 10. d4 Bb7 11. Nbd2 Bf8 12. a3 h6 13. Bc2 Nb8 14. b3 Nbd7 15. Bb2 Rb8 16. Rb1 g6 17. Bd3 c6 18. Qc2 Nh5 19. Bf1 Ng7 20. dxe5 dxe5 21. c4 Rc8 22. Rbd1 Qe7 {1-0 (63) Firouzja,A (2770)-Predke,A (2666) Riga 2021}) 10... Rf8 11. Nf3 Re8 12. Ng5 Rf8 13. Nf3 Re8 {13...Nb8 is the recent fashion.} 1/2-1/2

[Event "81st Georgian-ch Men 2022"]
[Site "Tbilisi"]
[Date "2022.02.05"]
[Round "11.3"]
[White "Paichadze, Luka"]
[Black "Quparadze, Giga"]
[Result "1-0"]
[WhiteElo "2566"]
[BlackElo "2477"]
[Annotator "TA"]
[PlyCount "75"]
[EventDate "2022.01.24"]
[EventType "tourn"]
[EventCountry "GEO"]
[SourceTitle "playchess.com"]
[Source "ChessBase"]
[SourceQuality "1"]

{[%evp 13,75,0,0,-19,18,6,5,0,0,0,0,0,0,0,0,0,0,0,0,0,6,-20,0,-5,0,-16,-8,-10,-9,-23,-8,-42,-13,-11,-11,-27,-9,-16,0,0,0,0,0,0,171,165,344,283,441,458,459,450,450,448,520,463,598,597,629,622,640,606,675,638]} 1. e4 c5 2. Nf3 e6 3. c3 d5 4. exd5 Qxd5 5. d4 Nf6 6. Bd3 Be7 7. O-O O-O 8. dxc5 {B22: Sicilian: 2 c3.} Qxc5 (8... Rd8 $5 {[%cal Rd5d3]} 9. Be2 Qxc5 $11) 9. Qe2 Qc7 10. Nbd2 {The position is equal.} Nbd7 11. Ne4 b6 12. Bg5 Bb7 13. Rad1 Rad8 {[#]} 14. Nd4 $146 ({Predecessor:} 14. Bh4 Nd5 15. Bg3 Qc8 16. Nd6 Bxd6 17. Bxd6 Rfe8 18. Bb1 e5 19. Ng5 N7f6 20. Bxe5 Nf4 21. Qe3 Qg4 {0-1 (21) Rorrer,G (2117)-Holt,C (2549) Chess.com INT 2021}) 14... h6 15. Bh4 Qc8 16. Bb1 Rfe8 17. Bg3 Ba6 18. Nxf6+ Nxf6 19. Bd3 Bxd3 20. Rxd3 Rd5 21. Rdd1 Red8 22. Nf3 b5 23. Rxd5 Rxd5 24. Ra1 Qb7 25. h3 Nh5 26. Be5 Bd6 27. Bxd6 Rxd6 28. a4 Ra6 $2 (28... a6 $11 {and Black stays safe.}) 29. Rd1 $18 Rxa4 {[#]} (29... Nf4 {keeps fighting.} 30. Qxb5 Qc8) 30. Ng5 $1 {[%cal Rd1d8]} ({Weaker is} 30. Rd8+ Kh7 $11) 30... Qe7 {[#] To avoid Rd8+} (30... Qa8 {was called for.} 31. Qxb5 (31. Qxh5 hxg5 32. Qxg5 f6 $18) (31. Qf3 Qe8 $16) 31... hxg5) 31. Qxb5 $1 {Qb8+ is the strong threat. White is clearly winning.} Qxg5 32. Qe8+ ({Less strong is} 32. Qxa4 Nf4 33. Qc6 Qe5 $18) 32... Kh7 33. Qxa4 Nf4 {[%csl Gf4][%cal Rg5g2]} 34. g3 Nxh3+ 35. Kg2 Qf5 36. Qd4 e5 37. Qd7 Qh5 38. Rh1 {Weighted Error Value: White=0.04 (flawless) /Black=0.37} 1-0

[Event "81st Georgian-ch Men 2022"]
[Site "Tbilisi"]
[Date "2022.02.05"]
[Round "11.4"]
[White "Gagunashvili, Merab"]
[Black "Kacharava, Nikolozi"]
[Result "1-0"]
[WhiteElo "2573"]
[BlackElo "2469"]
[Annotator "TA"]
[PlyCount "83"]
[EventDate "2022.01.24"]
[EventType "tourn"]
[EventCountry "GEO"]
[SourceTitle "playchess.com"]
[Source "ChessBase"]
[SourceQuality "1"]

{[%evp 18,83,22,23,17,11,9,9,22,20,32,32,28,21,28,25,32,28,59,65,62,68,102,99,99,104,101,102,103,103,105,111,156,166,152,140,131,124,130,111,113,114,148,144,144,104,529,529,565,565,664,660,642,609,570,581,953,856,1422,1405,1714,1677,1752,1704,1500,1332,1306,1239]} 1. d4 d5 2. c4 dxc4 3. Nf3 Nf6 4. e3 e6 5. Bxc4 c5 6. O-O a6 7. dxc5 Qxd1 8. Rxd1 Bxc5 9. Nbd2 {[%cal Bb1d2,Bd2b3,Bb3a5][%mdl 32]} O-O 10. Be2 Rd8 {D27: Queen's Gambit Accepted: Classical main line: 7 e4!? and 7 a4.} 11. a3 b5 12. b4 Be7 {The position is equal.} 13. Bb2 Bb7 14. Nb3 {[#]} Bd5 $146 ({Predecessor:} 14... Rxd1+ 15. Rxd1 Nbd7 16. Na5 Bd5 17. Rc1 Nb6 18. Ne5 Rc8 19. Rxc8+ Nxc8 20. f3 Nb6 {½-½ (31) Ruck,R (2530)-Borisek,J (2584) Slovenia 2019}) 15. Nfd4 Nc6 16. Nxc6 Bxc6 17. Na5 Bd5 18. f3 Rdc8 19. Rac1 {Inhibits Rc2.} Bd8 20. e4 Bxa5 21. bxa5 Bb7 22. Rd6 Rxc1+ 23. Bxc1 Rc8 24. Bd2 Ne8 (24... Bc6 $142) 25. Rb6 $1 $16 Rc7 (25... Rc2 $2 26. Bxb5 $1 {[%mdl 512]} axb5 27. Rxb7 Rxd2 28. a6) 26. a4 bxa4 27. Bb4 {White is more active.} h6 28. Bxa6 Bxa6 29. Rxa6 {[%mdl 4096] Endgame aiming for Ra8. KRB-KRN} Kh7 30. Rb6 Ra7 {[%cal Oa4a3]} 31. Rc6 Rc7 $2 {[%mdl 8192] A mistake that costs the game.} (31... a3 $16 {is more resistant.}) 32. Rxc7 $18 {White is clearly winning.} Nxc7 {KB-KN} 33. Bd6 Nb5 {[#]} 34. a6 $1 Kg6 {[#]} 35. Kf2 $1 Kf6 {[#]} (35... f5 36. Ke2) 36. Ke2 $1 e5 {[#]} (36... Kg6 37. Kd3) 37. Kd3 $1 Ke6 (37... a3 38. Bxa3) 38. Bb8 a3 39. Kc2 a2 40. Kb2 Nc3 41. Ka1 {And now a7 would win.} Na4 42. Bc7 {Weighted Error Value: White=0.03 (flawless) /Black=0.37} 1-0

[Event "81st Georgian-ch Men 2022"]
[Site "Tbilisi"]
[Date "2022.02.05"]
[Round "11.5"]
[White "Lortkipanidze, Nodar"]
[Black "Chkhaidze, Nikoloz"]
[Result "1-0"]
[WhiteElo "2407"]
[BlackElo "2268"]
[Annotator "TA"]
[PlyCount "69"]
[EventDate "2022.01.24"]
[EventType "tourn"]
[EventCountry "GEO"]
[SourceTitle "playchess.com"]
[Source "ChessBase"]
[SourceQuality "1"]

{[%evp 11,69,-18,-12,-32,-23,-60,-20,-43,-11,-55,-33,-68,-50,-158,-66,-70,-63,-71,0,0,150,158,329,322,319,300,301,291,289,197,697,696,691,685,681,685,795,806,773,716,702,719,728,713,691,680,772,762,820,816,778,758,804,797,890,792,858,831,29996,29997]} 1. g3 d5 2. Bg2 e5 3. d3 Nf6 4. Nf3 Nc6 5. O-O Be7 6. c3 a5 7. b3 {A07: Réti Opening: New York and Capablanca Systems.} O-O {[#]} 8. Bb2 $146 ({Predecessor:} 8. Qc2 Be6 9. h3 Qd7 10. Kh2 Ne8 11. Ba3 f5 12. Bxe7 Qxe7 13. Nbd2 e4 14. Nd4 Nxd4 15. cxd4 {½-½ (82) Lenhardt,M (2091)-Cinar,K (1909) Verden 2013}) 8... h6 {[%cal Oa5a4]} (8... a4 $5) 9. a3 {The position is equal.} Bg4 10. h3 (10. Nbd2 $11 {is superior.}) 10... Be6 11. Qc2 e4 12. Ne1 (12. dxe4 $15 Nxe4 13. Nbd2) 12... Re8 (12... e3 $17 {Strongly threatening ...Bd6.} 13. fxe3 Qd6) 13. Nd2 e3 14. fxe3 Bd6 (14... Qd6 $17 15. Rf3 Ne5) 15. c4 $1 $11 {[%cal Bc3c4,Bc4d5][%mdl 32] aiming for Bxf6.} Nh5 ({Better is} 15... Bxg3 $11 16. Bxf6 gxf6) 16. cxd5 $16 Bxh3 {A mistake that costs the game.} (16... Qg5 $16) 17. dxc6 $18 (17. Bxh3 Nxg3 18. Ng2 Ne5) 17... Qg5 18. Rf3 (18. Bxh3 Qxg3+ 19. Ng2 Qh2+ 20. Kf2 Bg3+ 21. Kf3 {[#]} Be1 $1 {[%mdl 512]}) 18... Bg4 19. Nf1 (19. cxb7 Bxf3 20. Ndxf3 (20. Nexf3 Qxe3+ 21. Kh2 Nxg3 $11) 20... Qxe3+ 21. Kh2 Nxg3 $11) 19... bxc6 20. Qc4 (20. Qxc6 Bxf3 21. Nxf3 Qg4 $18) 20... Nxg3 $2 (20... Qg6 21. e4 (21. Qxc6 Bxf3 22. Nxf3 Nxg3 $16) 21... Bxf3 22. Nxf3 (22. exf3 Bxg3 23. Bc3 Nf4 $11) 22... Nxg3) 21. Qxf7+ ({Weaker is} 21. Nxg3 Bxf3 22. Nxf3 Qxg3 $14) 21... Kh7 22. Rxg3 Bxg3 23. Nxg3 Rf8 24. Be4+ Kh8 25. Qg6 Qxg6 26. Bxg6 {This bishop pair is nice.} Rab8 27. Ng2 Rxb3 28. Be5 c5 29. Nf4 Rb6 30. Be4 Re8 31. Bc3 c4 32. Ngh5 cxd3 33. exd3 Reb8 34. Rf1 Rb3 35. Ng6+ {Weighted Error Value: White=0.23 (precise) /Black=0.74} 1-0